000 02245nam0a2200397 4500
001 RU\NLR\bibl\1860802
005 20250616182856.0
010 _a978-5-89070-813-7
_9120
021 _aRU
_b2011-106450
_97614
035 _a(NLR Aleph) 001850704
090 _a2397907
_c2397907
100 _a20120126d2011 |||y0rusy50 ca
101 0 _arus
102 _aRU
105 _aa |||||||||
200 1 _aГидрогеология и инженерная геология
_eучебное пособие к практическим занятиям
_fЕ.В. Игнатов, М.А. Тюленев, А.А. Возная
_gМ-во образования и науки Рос. Федерации, Федерал. гос. бюджет. образоват. учреждение высш. проф. образования "Кузбас. гос. техн. ун-т им. Т.Ф. Горбачева"
210 _aКемерово
_cФГБОУ ВПО "Кузбасский государственный технический университет"
_d2011
215 _a99 с.
_cил.
_d20
225 1 _aУчебники КузГТУ
300 _aНа 4-й с. обл. авт.: Игнатов Е.В., Тюленев М.А. - доценты, кандидаты техн. наук, Возная А.А. - доц., к.г.-м.н.
320 _aБиблиогр.: с. 98 (6 назв.)
606 1 _aИнженерная геология
_jУчебные издания для высших учебных заведений
_9901792
_3RU\NLR\auth\667913
606 1 _aГидрогеология
_jУчебные издания для высших учебных заведений
_9918718
_3RU\NLR\auth\6617385
686 _aД49я73-5
686 _aД46я73-5
700 1 _aИгнатов
_bЕ. В.
_gЕвгений Владимирович
_4070
701 1 _4070
_aТюленев
_bМ. А.
_cканд. техн. наук
_gМаксим Анатольевич
_9220028
_3RU\NLR\AUTH\770220084
701 1 _aВозная
_bА. А.
_gАнна Анатольевна
_4070
801 0 _aRU
_bNLR
_c20120126
_gRCR
801 1 _aRU
_bNLR
_c20120126
830 _aавт. по кн.
942 _cBOOK
980 _aNB
980 _aNBR